[Event "Stay Safe Play From Home 364"]
[Site "Emanuel Lasker Arena"]
[Date "2020.08.07"]
[Round "9"]
[White "Ao017545"]
[Black "BrainThinker22"]
[Result "0-1"]
[WhiteElo "1719"]
[BlackElo "2331"]
[Annotator "NA"]
[PlyCount "120"]
[EventDate "2020.08.07"]
[EventType "swiss (blitz)"]

1. e4 {[%emt 0:00:01]} c6 {[%emt 0:00:00]} 2. Nf3 {[%emt 0:00:00]} d5 {[%emt 0:00:00]} 3. Nc3 {[%emt 0:00:00]} Bg4 {[%emt 0:00:00]} 4. exd5 {[%emt 0:00:00]} Bxf3 {[%emt 0:00:01]} 5. Qxf3 {[%emt 0:00:03]} Nf6 {[%emt 0:00:00]} 6. Bc4 {[%emt 0:00:02]} g6 {[%emt 0:00:03]} 7. dxc6 {[%emt 0:00:02]} Nxc6 {[%emt 0:00:00]} 8. Ne4 {[%emt 0:00:01]} Bg7 {[%emt 0:00:02]} 9. Nxf6+ {[%emt 0:00:01]} Bxf6 {[%emt 0:00:00]} 10. O-O {[%emt 0:00:01]} O-O {[%emt 0:00:00]} 11. c3 {[%emt 0:00:00]} e6 {[%emt 0:00:01]} 12. d4 {[%emt 0:00:00]} Rc8 {[%emt 0:00:00]} 13. Bb3 {[%emt 0:00:00]} a6 {[%emt 0:00:01]} 14. Bc2 {[%emt 0:00:00]} b5 {[%emt 0:00:02]} 15. Bb1 {[%emt 0:00:00]} Ne7 {[%emt 0:00:01]} 16. Bh6 {[%emt 0:00:00]} Bg7 {[%emt 0:00:01]} 17. Bxg7 {[%emt 0:00:01]} Kxg7 {[%emt 0:00:00]} 18. Qe3 {[%emt 0:00:01]} Nd5 {[%emt 0:00:01]} 19. Qe5+ {[%emt 0:00:00]} Kg8 {[%emt 0:00:01]} 20. f4 {[%emt 0:00:03]} b4 {[%emt 0:00:02]} 21. a3 {[%emt 0:00:04]} bxc3 {[%emt 0:00:01]} 22. bxc3 {[%emt 0:00:02]} Nxc3 {[%emt 0:00:00]} 23. f5 {[%emt 0:00:01]} Qxd4+ {[%emt 0:00:01]} 24. Qxd4 {[%emt 0:00:02]} Ne2+ {[%emt 0:00:00]} 25. Kh1 {[%emt 0:00:02]} Nxd4 {[%emt 0:00:00]} 26. fxe6 {[%emt 0:00:01]} fxe6 {[%emt 0:00:00]} 27. Ba2 {[%emt 0:00:03]} Nc2 {[%emt 0:00:02]} 28. Rac1 {[%emt 0:00:02]} Rxf1+ {[%emt 0:00:07]} 29. Rxf1 {[%emt 0:00:02]} Re8 {[%emt 0:00:04]} 30. Rf2 {[%emt 0:00:03]} Nxa3 {[%emt 0:00:03]} 31. Re2 {[%emt 0:00:03]} Kf7 {[%emt 0:00:02]} 32. Rf2+ {[%emt 0:00:01]} Kg7 {[%emt 0:00:01]} 33. Re2 {[%emt 0:00:01]} Nb5 {[%emt 0:00:01]} 34. Rxe6 {[%emt 0:00:03]} Rxe6 {[%emt 0:00:01]} 35. Bxe6 {[%emt 0:00:00]} Nd4 {[%emt 0:00:00]} 36. Ba2 {[%emt 0:00:01]} Kf6 {[%emt 0:00:01]} 37. Bd5 {[%emt 0:00:00]} Ke5 {[%emt 0:00:01]} 38. Ba2 {[%emt 0:00:00]} Nb5 {[%emt 0:00:02]} 39. Bg8 {[%emt 0:00:02]} h6 {[%emt 0:00:01]} 40. Bh7 {[%emt 0:00:00]} g5 {[%emt 0:00:00]} 41. Bg8 {[%emt 0:00:01]} Nc3 {[%emt 0:00:01]} 42. Ba2 {[%emt 0:00:00]} Nxa2 {[%emt 0:00:01]} 43. Kg1 {[%emt 0:00:01]} Nb4 {[%emt 0:00:00]} 44. Kf2 {[%emt 0:00:00]} a5 {[%emt 0:00:00]} 45. Ke3 {[%emt 0:00:00]} a4 {[%emt 0:00:00]} 46. Kd2 {[%emt 0:00:00]} a3 {[%emt 0:00:00]} 47. Kc1 {[%emt 0:00:00]} a2 {[%emt 0:00:01]} 48. Kb2 {[%emt 0:00:00]} Ke4 {[%emt 0:00:00]} 49. Ka1 {[%emt 0:00:00]} Ke3 {[%emt 0:00:00]} 50. g3 {[%emt 0:00:00]} Kf2 {[%emt 0:00:00]} 51. h4 {[%emt 0:00:00]} Kxg3 {[%emt 0:00:00]} 52. hxg5 {[%emt 0:00:00]} hxg5 {[%emt 0:00:00]} 53. Kb2 {[%emt 0:00:02]} Kf4 {[%emt 0:00:00]} 54. Ka1 {[%emt 0:00:01]} g4 {[%emt 0:00:00]} 55. Kb2 {[%emt 0:00:00]} g3 {[%emt 0:00:00]} 56. Ka1 {[%emt 0:00:00]} g2 {[%emt 0:00:00]} 57. Kb2 {[%emt 0:00:00]} g1=Q {[%emt 0:00:01]} 58. Kb3 {[%emt 0:00:00]} a1=Q {[%emt 0:00:01]} 59. Kxb4 {[%emt 0:00:00]} Qb6+ {[%emt 0:00:01]} 60. Kc4 {[%emt 0:00:00]} Qad4# {[%emt 0:00:00] (Lag: Av=0.63s, max=1.1s) (Lag: Av=0.63s, max=1.1s) (Lag: Av=0.63s, max=1.1s) (Lag: Av=0.63s, max=1.1s) (Lag: Av=0.63s, max=1.1s)} 0-1